|
|
|
|
| LEADER |
01541nam a22003854a 4500 |
| 001 |
EBC3417103 |
| 003 |
MiAaPQ |
| 005 |
20200520144314.0 |
| 006 |
m o d | |
| 007 |
cr cn||||||||| |
| 008 |
031103s2004 miua sb 001 0 eng |
| 020 |
|
|
|z 9781417524457
|
| 020 |
|
|
|z 0880993006 (pbk. : alk. paper)
|
| 020 |
|
|
|z 0880993014 (hardcover : alk. paper)
|
| 035 |
|
|
|a (MiAaPQ)EBC3417103
|
| 035 |
|
|
|a (Au-PeEL)EBL3417103
|
| 035 |
|
|
|a (CaPaEBR)ebr10103894
|
| 035 |
|
|
|a (OCoLC)56606366
|
| 040 |
|
|
|a MiAaPQ
|c MiAaPQ
|d MiAaPQ
|
| 043 |
|
|
|a n-us---
|
| 050 |
|
4 |
|a HQ778.63
|b .W485 2004
|
| 082 |
0 |
4 |
|a 362.71/2/0973
|2 22
|
| 100 |
1 |
|
|a Whitebook, Marcy.
|
| 245 |
1 |
0 |
|a By a thread
|h [electronic resource] :
|b how child care centers hold on to teachers, how teachers build lasting careers /
|c Marcy Whitebook and Laura Sakai.
|
| 260 |
|
|
|a Kalamazoo, Mich. :
|b W.E. Upjohn Institute for Employment Research,
|c 2004.
|
| 300 |
|
|
|a x, 145 p. :
|b ill.
|
| 504 |
|
|
|a Includes bibliographical references (p. 131-138) and index.
|
| 533 |
|
|
|a Electronic reproduction. Ann Arbor, MI : ProQuest, 2015. Available via World Wide Web. Access may be limited to ProQuest affiliated libraries.
|
| 650 |
|
0 |
|a Day care aides
|z United States.
|
| 650 |
|
0 |
|a Day care centers
|z United States
|x Personnel management.
|
| 650 |
|
0 |
|a Labor turnover
|z United States.
|
| 655 |
|
4 |
|a Electronic books.
|
| 700 |
1 |
|
|a Sakai, Laura.
|
| 710 |
2 |
|
|a ProQuest (Firm)
|
| 856 |
4 |
0 |
|u https://ebookcentral.proquest.com/lib/matrademy/detail.action?docID=3417103
|z Click to View
|